000 00681nam a2200241Ia 4500
003 OSt
005 20220918182041.0
006 a|||||r|||| 00| 0
007 ta
008 220917b |||||||| |||| 00| 0 eng d
024 _a30,238
037 _cTextual
040 _aARTS
_cARTS
_beng
041 _2eng
_aeng
082 _aO111,3M40:g, G7 (EO)
100 _aDuffin H C
245 0 _aThomas Hardy
_b a study of the Wessex novels, the poems and the Dynasts
250 _a3rd
260 _aBombay
_bOxford University Press
_c1967
650 _aENGLISH LITERATURE
942 _hO111,3M40:g, G7 (EO)
_cTEXL
_2CC
999 _c167674
_d167674